000 00771nam a22002297a 4500
003 UA-OsUOA
001 24854
007 ta
008 20040303b un ||||| |||| 00| 0 ukr d
090 _a342.7
_bМ43
942 _cBK
040 _aUA-OsUOA
_brus
_cUA-OsUOA
_dUA-OsUOA
245 _aМеждународное сотрудничество государств в области прав человека (проблемы защиты прав человека в условиях борьбы за мир и безопасность)
_cОтв. ред. В.Н.Денисов
300 _a262 с.
955 _a0
041 _arus
080 _a342.7
260 _aКиев
_bНаукова думка
_c1987
044 _aUA
650 7 _2UDC
999 _c311140
_d311140